Epidemiological survey on new castleand fowl pox disease of local chicken in borset district kompong speu province, អង្កេតពីការរាតត្បាតពីជំងឺដង្កោកាច់ និងជំងឺអុតក្ដាមទៅលើពូជមាន់ក្នុងស្រុក នៅស្រុកបសេដ្ឋ ខេត្ដកំពង់ស្ពឺ (Record no. 2604)
[ view plain ]
| 000 -LEADER | |
|---|---|
| fixed length control field | 00776nam a22001577a 4500 |
| 003 - CONTROL NUMBER IDENTIFIER | |
| control field | OSt |
| 005 - DATE AND TIME OF LATEST TRANSACTION | |
| control field | 20151024140416.0 |
| 008 - FIXED-LENGTH DATA ELEMENTS--GENERAL INFORMATION | |
| fixed length control field | 151024b xxu||||| |||| 00| 0 eng d |
| 040 ## - CATALOGING SOURCE | |
| Transcribing agency | RUA |
| 082 ## - DEWEY DECIMAL CLASSIFICATION NUMBER | |
| Classification number | AVM VON 2012 B102 Or.1 |
| 100 ## - MAIN ENTRY--PERSONAL NAME | |
| 9 (RLIN) | 2783 |
| Personal name | VONG, CHANNEANG. |
| 245 ## - TITLE STATEMENT | |
| Title | Epidemiological survey on new castleand fowl pox disease of local chicken in borset district kompong speu province, អង្កេតពីការរាតត្បាតពីជំងឺដង្កោកាច់ និងជំងឺអុតក្ដាមទៅលើពូជមាន់ក្នុងស្រុក នៅស្រុកបសេដ្ឋ ខេត្ដកំពង់ស្ពឺ |
| 260 ## - PUBLICATION, DISTRIBUTION, ETC. (IMPRINT) | |
| Place of publication, distribution, etc. | Phnom Penh |
| Name of publisher, distributor, etc. | RUA |
| Date of publication, distribution, etc. | 2012 |
| 300 ## - PHYSICAL DESCRIPTION | |
| Extent | x; 46p. |
| Other physical details | ill. |
| Dimensions | 29cm. |
| 942 ## - ADDED ENTRY ELEMENTS (KOHA) | |
| Source of classification or shelving scheme | |
| Koha item type | AVM |
| Price effective from | Date last seen | Permanent Location | Not for loan | Date acquired | Source of classification or shelving scheme | Koha item type | Lost status | Withdrawn status | Total Renewals | Date last checked out | Total Checkouts | Shelving location | Damaged status | Barcode | Current Location | Full call number |
|---|---|---|---|---|---|---|---|---|---|---|---|---|---|---|---|---|
| 2015-10-24 | 2017-02-03 | Library Block B | 2015-10-24 | AVM | 2017-01-02 | 3 | B102 | RUA009028 | Library Block B | AVM VON 2012 B102 Or.1 | ||||||
| 2015-10-24 | 2017-02-08 | Library Block B | 2015-10-24 | AVM | 2016-12-26 | 1 | B102 | RUA020076 | Library Block B | AVM VON 2012 B102 Or.2 | ||||||
| 2015-10-24 | 2015-10-24 | Library Block B | 2015-10-24 | AVM | B102 | RUA020037 | Library Block B | AVM VON 2012 B102 Or.3 | ||||||||
| 2015-10-24 | 2016-11-08 | Library Block B | 2015-10-24 | AVM | 2 | 2016-10-18 | 2 | B102 | RUA018855 | Library Block B | AVM VON 2012 B102 Or.4 | |||||
| 2015-10-24 | 2015-10-24 | Library Block B | 2015-10-24 | AVM | B102 | RUA018948 | Library Block B | AVM VON 2012 B102 Or.5 | ||||||||
| 2015-10-24 | 2016-08-24 | Library Block B | 2015-10-24 | AVM | 2 | 2016-06-14 | 1 | B102 | RUA019597 | Library Block B | AVM VON 2012 B102 Or.6 |